000 00434nam a2200133Ia 4500
008 100328s9999 xx 000 0 und d
082 _b26443
100 _aखाडीलकर उषा
245 _aफुलोरा भाव फुलांचा
260 _bरंजना
630 _aफुलोरा भाव फुलांचा
730 _aफुलोरा भाव फुलांचा
942 _cBOOK
999 _c518824
_d518821